Star Wars: The Bad Batch (Season 1) A-Z - Statistics

General Stats
  • This quiz has been taken 73 times
  • The average score is 16 of 22
Answer Stats
Letter Hint Answer % Correct
C Former member of the Bad Batch and excellent sharpshooter Crosshair
97%
E Member of the Bad Batch with cybernetic enhancements Echo
95%
A A medical droid and friend of the enhanced female clone AZI-345211896246498721347
94%
F A female bounty hunter tasked with tracking down the enhanced female clone Fennec Shand
94%
H Leader of the Bad Batch with heightened senses Hunter
94%
O The newest member of the Bad Batch and an enhanced female clone Omega
92%
K Every clone trooper's birth planet Kamino
89%
T Member of the Bad Batch and intellectually superior Tech
89%
W Member of the Bad Batch with superhuman strength Wrecker
89%
N A Kaminoan female doctor in charge of the enhanced female clone Nala Se
84%
G A clone commando who defected from the Galactic Empire Gregor
83%
L A Kaminoan male politician who served as Prime Minister Lama Su
79%
D Jedi Master of Caleb Dume who is executed during Order 66 Depa Billaba
76%
R Vice Admiral in the Galactic Empire who oversaw Project War-Mantle Rampart
75%
M A modified Omicron-class attack shuttle used by the Bad Batch Marauder
68%
B A junkyard planet where the members of the Bad Batch get their inhibitor chips removed Bracca
56%
V A starfighter model used by the Galactic Republic in the final days of the Clone Wars, and by the newly established Galactic Empire V-wing
52%
Z A humanoid feline species and known slavers Zygerrian
52%
S Nickname for clone commando RC-1262 Scorch
51%
J A starship owned by the bounty hunter Cad Bane Justifier
33%
P The primary moon in orbit around the planet Orto Plutonia Pantora
33%
I A large, non-sentient species of insectoid ptero-creatures that lived in the caverns of the planet Ord Mantell Irling
6%
No matching quizzes found
Score Distribution
Percent of People with Each Score
Percentile by Number Answered
Your Score History
You have not taken this quiz